Câu hỏi và bài tập vi sinh học
Trình bày các câu hỏi về bài tập cùng các gợi ý lời giải về: vi sinh vật, đối tượng của vi sinh học, tế bào học vi sinh vật, virut học, dinh dưỡng, sinh trưởng và phát triển của vi sinh vật, chuyển hoá vật chất và năng lượng ở vi sinh va...
Na minha lista:
| Autor principal: | |
|---|---|
| Formato: | Livro |
| Idioma: | Undetermined |
| Publicado em: |
Hà Nội
Đại học Sư phạm Hà Nội
2008
|
| Assuntos: | |
| Tags: |
Adicionar Tag
Sem tags, seja o primeiro a adicionar uma tag!
|
| Thư viện lưu trữ: | Trung tâm Học liệu Trường Đại học Cần Thơ |
|---|
| LEADER | 01233nam a2200217Ia 4500 | ||
|---|---|---|---|
| 001 | CTU_140797 | ||
| 008 | 210402s9999 xx 000 0 und d | ||
| 020 | |c 38000 | ||
| 082 | |a 579.076 | ||
| 082 | |b Đ110 | ||
| 100 | |a Nguyễn, Thành Đạt | ||
| 245 | 0 | |a Câu hỏi và bài tập vi sinh học | |
| 245 | 0 | |c Nguyễn Thành Đạt | |
| 260 | |a Hà Nội | ||
| 260 | |b Đại học Sư phạm Hà Nội | ||
| 260 | |c 2008 | ||
| 520 | |a Trình bày các câu hỏi về bài tập cùng các gợi ý lời giải về: vi sinh vật, đối tượng của vi sinh học, tế bào học vi sinh vật, virut học, dinh dưỡng, sinh trưởng và phát triển của vi sinh vật, chuyển hoá vật chất và năng lượng ở vi sinh vật, các quá trình lên men, vi khuẩn quang hợp và cố định N2, di truyền và biến dị ở vi sinh vật, truyền nhiễm, miễn dịch và đối kháng | ||
| 650 | |a Microbiology,Vi sinh học | ||
| 650 | |x problems, exercises ect.,Câu hỏi và bài tập | ||
| 904 | |i Hạ Nguyên | ||
| 980 | |a Trung tâm Học liệu Trường Đại học Cần Thơ | ||